000 00619nam a2200169 i 4500
001 43914
003 ES-MaACL
005 20230906160917.0
007 t|
008 030320s1971 sp ||||1| spa d
245 0 0 _aIndicadores socio-económicos del campo español, año 1970
_b: comarcas y núcleos comerciales /
_c[dir. Carlos Cavero Beyard].
260 _aMadrid :
_bConfederación Española de Cajas de Ahorros,
_c[1971]
300 _a1414 p. :
_bil. ;
_c25 cm.
700 1 _aCavero Beyard, Carlos.
_937183
710 2 _aConfederación Española de Cajas de Ahorros.
_93148
852 _aES-MaACL
_jC-42350
_bR.80873
999 _c43914
_d43914